000 00817nam a2200229 a 4500
001 000014286
005 20240307073950.0
008 091209s1966 dr 000 0 spa d
040 _aDO-SdBNP
_bspa
_cBNPHU
082 _a342.729307
_bR426L, 1966
110 1 _aRepública Dominicana.
_b Junta Central Electoral
_964605
240 1 0 _a[Leyes, etc.]
245 1 0 _aLegislación electoral vigente.
260 _aSanto Domingo :
_bJunta Central Electoral,
_c1966.
300 _a128 p. ;
_c23 cm.
590 _aInventariado, 2018/ YL
650 4 _aElecciones
_xLegislación
_zRepública Dominicana
_9412
650 4 _aSufragio
_xLegislación
_zRepública Dominicana
_927666
651 4 _aRepública Dominicana
_xLeyes
_916541
651 4 _aRepública Dominicana
_xLey 5884
_932247
910 _aValidado. Control de calidad EMS
999 _c13882
_d13882